Histoire de la langue française des origines a 1900 / (Record no. 37131)

MARC details
000 -LEADER
campo de control de longitud fija 00857nam a2200157 i 4500
001 - NÚMERO DE CONTROL
campo de control 37131
003 - IDENTIFICADOR DE NÚMERO DE CONTROL
campo de control ES-MaACL
005 - FECHA Y HORA DE LA ÚLTIMA TRANSACCIÓN
campo de control 20230906155516.0
007 - CAMPO FIJO DE DESCRIPCIÓN FÍSICA--INFORMACIÓN GENERAL
campo de control de longitud fija t|
008 - DATOS DE LONGITUD FIJA--INFORMACIÓN GENERAL
campo de control de longitud fija 030220s1905 fr ||||1| fre d
100 1# - ENTRADA PRINCIPAL--NOMBRE DE PERSONA
Nombre de persona Brunot, Ferdinand.
9 (RLIN) 32205
245 10 - MENCIÓN DEL TÍTULO
Título Histoire de la langue française des origines a 1900 /
Mención de responsabilidad, etc. Ferdinand Brunot.
300 ## - DESCRIPCIÓN FÍSICA
Extensión 9 t. en 12 v. ;
Dimensiones 25 cm.
505 8# - NOTA DE CONTENIDO CON FORMATO
Nota de contenido con formato Contiene. T.I: De l'epoque latine a la Renaissance. -- T.II: Le seizieme siecle. -- T.III: La formation de la langue classique (1600-1660). -- T.IV: La langue classique (1660-1715). -- T.V: Le français en France et hors de France au XVII siecle. -- T.VI: Le XVIII siecle. -- T.VII: La propagation du français en France jusqu'a la fin de 'ancien regime. -- T.VIII: Le français hors de France au XVIII. -- T.IX: La Revolution et l'Empire
852 ## - LOCALIZACIÓN
Ubicación ES-MaACL
Número de control de estantería C-22121-32
Holdings
Estatus retirado Estado de pérdida Estado de daño No para préstamo Biblioteca de origen Biblioteca actual Ubicación en estantería Fecha de adquisición Fuente de adquisición Total de préstamos Signatura topográfica completa Código de barras Visto por última vez Precio de reemplazo Tipo de ítem Koha
        Biblioteca del Ateneo de Madrid Biblioteca del Ateneo de Madrid Mesetón 17/01/2008     C-22121-32 1039066 23/02/2023 23/02/2023 Libro impreso